000 00563nam a2200217Ia 4500
003 OSt
005 20220928150719.0
006 a|||||r|||| 00| 0
007 ta
008 220927b |||||||| |||| 00| 0 eng d
024 _a99215
037 _cTextual
040 _aSDCL
_cSDCL
_beng
041 _2eng
_aeng
082 _aX:89F, K5
100 _aHorngren Charles T
_9391901
245 0 _aAccounting for management control
_b An introduction
260 _c1965
942 _hX:89F, K5
_cTEXL
_2CC
999 _c844114
_d844114